| 000 | 00488nam a2200181Ia 4500 | ||
|---|---|---|---|
| 003 | GCL | ||
| 008 | 140319s9999 xx 000 0 eng d | ||
| 040 |
_aGCL / _cGCL |
||
| 082 | 0 | 4 |
_a796.3303 _bH G |
| 100 | 1 | _aHART, GRAHAM | |
| 245 | 1 | 0 |
_aTHE GUINNESS FOOTBALL ENCYCLOPEDIA / _cHART, GRAHAM |
| 260 |
_a[S.N] : _bGUINNESS PUBLISHING ، _c1995 |
||
| 300 | _a222 P | ||
| 650 | 0 | 4 | _aENCYCLOPEDIES |
| 650 | 0 | 4 | _aSPORT - ENCYCLOPEDIA |
| 650 | 0 | 4 | _aFOOTBALL - ENCYCLOPEDIA |
| 942 |
_2ddc _cBK |
||
| 999 |
_c13424 _d13424 |
||